000 00397nam a2200145Ia 4500
008 231129s1998||||xx |||||||||||||| ||spa||
020 _a958-614-146-5
040 _bspa
082 _a833 S964p
100 _aSuskind Patrick
245 0 _aEl perfume: historia de un asesino
260 _c1998
264 _aBogotá Colombia: Seix Barral
942 _2ddc
_cBKS
999 _c12055
_d12055